000 00279nam a2200109Ia 4500
008 190216s9999||||xx |||||||||||||| ||und||
100 _aSharma & Khanna
245 0 _aKumars General Knowledge At A Glance
260 _bKumar Publications
650 _aReferences
942 _cREF
999 _c35632
_d35632